| 000 | 00950cab a2200253 4500 | ||
|---|---|---|---|
| 001 | ABS50875 | ||
| 008 | 090401t1994 xxu||||| |||| 00| 0 eng d | ||
| 035 | _a(Sirsi) u86090 | ||
| 041 | _aeng | ||
| 100 | _aDown, D. | ||
| 245 | _aTrends in the size of the private rented sector in England | ||
| 260 | _c1994 | ||
| 350 | _a0 | ||
| 490 |
_aHousing Finance _v(22) May 1994, 7-11(5) |
||
| 520 | _aSets out the DOE`s current estimates of privately rented dwellings since 1981 and how they were arrived at, defining the sector and ways of measuring it, comparing the position in 1991, estimating year-by- year changes in the composition of the private rented dwelling stock 1981- 1991 and evaluating evidence from the Labour Force Survey. | ||
| 650 | _aPRIVATE RENTED SECTOR | ||
| 650 | _aRENTED HOUSING | ||
| 650 | _aSTATISTICS | ||
| 690 | _aHOUSING | ||
| 700 | _aHolmans, A. | ||
| 700 | _aSmall, H. | ||
| 942 | _n0 | ||
| 948 | _c04/03/1997 | ||
| 999 |
_c54157 _d54157 |
||